000 00445nam a2200169Ia 4500
003 GCL
008 140319s9999 xx 000 0 eng d
040 _aGCL /
_cGCL
082 0 4 _a005.43
_bS W
100 1 _aSHUMAN, JAMES E.
245 1 0 _aWORD FOR WINDOWS /
_cSHUMAN, JAMES E.
260 _a[S.N] :
_bINTERNATIONAL THMSON PUBLISHING ،
_c1994
300 _a178 P
650 0 4 _aCOMPUTER PROGRM
650 0 4 _aWINDOWS PROGRAM
942 _2ddc
_cBK
999 _c23766
_d23766